[Event "Lushki B"]
[Site "Serpukhov RUS"]
[Date "2004.11.22"]
[Round "6"]
[White "Nebolsina,V"]
[Black "Rodchenkov,S"]
[Result "1/2-1/2"]
[WhiteElo "2218"]
[BlackElo "2382"]

1.d4 d5 2.Nf3 Nf6 3.c4 c6 4.Qb3 dxc4 5.Qxc4 Bf5 6.g3 e6 7.Bg2 Nbd7 8.O-O Be7
9.e3 O-O 10.Qe2 Qb6 11.Nc3 Ne4 12.Nd2 Nef6 13.Nf3 Ne4 14.Nd2 Nef6 15.Nf3  1/2-1/2

[Event "RusFed Internet Blitz Cup"]
[Site "ChessAssistantClub INT"]
[Date "2004.11.25"]
[Round "6"]
[White "Fridman,D2"]
[Black "Volkov,S1"]
[Result "0-1"]
[WhiteElo "2578"]
[BlackElo "2628"]

1.d4 d5 2.Nf3 c6 3.c4 Nf6 4.Qc2 a6 5.Bf4 dxc4 6.Qxc4 b5 7.Qc2 e6 8.Nbd2 Nd5
9.Bg3 Bb7 10.e4 Nb4 11.Qc3 a5 12.Nb3 Nxa2 13.Qe3 Nb4 14.Rc1 a4 15.Nc5 Bxc5
16.Rxc5 Nd7 17.Rc1 Qa5 18.Qd2 c5 19.dxc5 Bxe4 20.Bd6 Nc2+ 21.Rxc2 Bxc2 22.c6 Qxd2+
23.Kxd2 Be4 24.Bxb5 Ra5 25.c7 Bb7 26.Bc6 Bc8 27.Ne5 Rxe5 28.Bxe5 Ke7 29.Bg3 Nf6
30.Rd1 Nd5 31.Kc1 f6 32.Bxd5 exd5 33.Rxd5 Bd7 34.Rd4 Ra8 35.Re4+ Kf7 36.Rb4 Ra6
37.Rc4 Bc8 38.Kb1 Bf5+ 39.Ka2 Be6 40.b3 axb3+ 41.Kb2 Ra2+ 42.Kb1 Bxc4 43.c8=Q Bd3+
44.Kc1 b2+ 45.Kd2 b1=Q+ 46.Ke3 Re2+ 47.Kf4 Re7 48.Qc5 Qa2 49.Kf3 Qc4 50.Qd6 Qe4+  0-1

[Event "RusFed Internet Blitz Cup"]
[Site "ChessAssistantClub INT"]
[Date "2004.11.25"]
[Round "8"]
[White "Fridman,D2"]
[Black "Panarin,M"]
[Result "0-1"]
[WhiteElo "2578"]
[BlackElo "2482"]

1.d4 d5 2.Nf3 Nf6 3.c4 c6 4.Qc2 dxc4 5.Qxc4 Bf5 6.g3 e6 7.Bg2 Nbd7 8.O-O Be7
9.Nc3 O-O 10.Re1 Ne4 11.Qb3 Nb6 12.g4 Bg6 13.Ne5 Qxd4 14.Nxe4 Bxe4 15.Nf3 Qd5
16.Be3 Qxb3 17.axb3 Nd5 18.Bxa7 b6 19.Ne5 Bxg2 20.Kxg2 Rfc8 21.e4 Nf4+ 22.Kg3 Bd6
23.Nc4 Bc7 24.Red1 b5 25.Nb6 Nd5+ 26.f4 Nxb6 27.Rdc1 g5 28.Kf3 Nd7 29.Rxc6 Bxf4
30.Rca6 Ne5+ 31.Ke2 Rc2+ 32.Kf1 Rxh2 33.Bd4 Rxa6 34.Rxa6 Rd2 35.Bc3 Rc2 36.Ra5 h6
37.Rxb5 f6 38.Rb6 Kf7 39.Rb7+ Kg6 40.Rb6 Nxg4 41.Rxe6 Be5 42.Rc6 h5 43.b4 h4
44.b5 h3 45.Bxe5 Rf2+ 46.Kg1 Rg2+ 47.Kh1 Nxe5 48.Rc3 g4 49.Rb3 Nf3 50.Rxf3 gxf3
51.b6 f2 52.b7 f1=Q+  0-1

[Event "Lushki B"]
[Site "Serpukhov RUS"]
[Date "2004.11.29"]
[Round "16"]
[White "Kostiuk,T"]
[Black "Khamitskiy,S"]
[Result "1/2-1/2"]
[WhiteElo "2316"]
[BlackElo "2230"]

1.d4 d5 2.c4 dxc4 3.Nf3 c6 4.e3 Be6 5.a4 Nf6 6.Na3 c5 7.Bxc4 Bxc4 8.Nxc4 Nc6
9.dxc5 Qxd1+ 10.Kxd1 Ne4 11.Ke2 Nxc5 12.Bd2 Rd8 13.Rhd1 e6 14.Be1 Rxd1 15.Kxd1 Be7
16.Ke2 Bf6 17.Ra3  1/2-1/2

[Event "TCh-SLO"]
[Site "Celje SLO"]
[Date "2004.11.30"]
[Round "3"]
[White "Mihalcisin,A"]
[Black "Podkriznik,G"]
[Result "1-0"]
[WhiteElo "2512"]
[BlackElo "2373"]

1.d4 d5 2.c4 c6 3.Nf3 Nf6 4.Qc2 dxc4 5.Qxc4 Bf5 6.g3 e6 7.Bg2 Nbd7 8.O-O Be7
9.Nc3 O-O 10.Re1 Ne4 11.Qb3 Qb6 12.Nh4 Bxh4 13.gxh4 Nxc3 14.bxc3 Qc7 15.e4 Bg4
16.h3 Bh5 17.e5 Rab8 18.c4 Rfe8 19.Bf4 b6 20.Qg3 Kh8 21.Rac1 Rbd8 22.Kh2 Qb7
23.Rg1 Rg8 24.Qe3 Rc8 25.Be4 Bg6 26.Bf3 Bf5 27.h5 Qa6 28.a3 Qa4 29.Bd1 Qa6
30.Bg4 Bxg4 31.Rxg4 Qb7 32.Qf3 Nb8 33.Rcg1 Nd7 34.Qg3 g6 35.Qh4 Qa8 36.Bg5 Rgf8
37.Bf6+ Kg8 38.hxg6  1-0

[Event "17th Belgrade Trophy"]
[Site "Obrenovac SCG"]
[Date "2004.11.30"]
[Round "9"]
[White "Vojinovic,G"]
[Black "Dumpor,A"]
[Result "1-0"]
[WhiteElo "2447"]
[BlackElo "2382"]

1.d4 Nf6 2.Nf3 d5 3.c4 c6 4.Qc2 g6 5.Bf4 Bg7 6.e3 O-O 7.Nc3 Na6 8.h3 c5 9.dxc5 Bf5
10.Qd1 Nb4 11.Nd4 Ne4 12.Rc1 e5 13.Nxf5 gxf5 14.Bh2 d4 15.Nxe4 fxe4 16.a3 Nc6
17.g4 Qa5+ 18.Qd2 Qxc5 19.Bg2 Bh6 20.b4 Qb6 21.c5 Qa6 22.Bxe4 Qxa3 23.g5 Bg7
24.O-O a6 25.Rb1 Rad8 26.Qb2 Qa4 27.Qb3 Qxb3 28.Rxb3 f5 29.gxf6 Rxf6 30.b5 axb5
31.Rxb5 Rd7 32.Rfb1 dxe3 33.fxe3 Rd2 34.Rxb7 Re2 35.Bd5+ Kf8  1-0

[Event "TCh-BEL 2004-5"]
[Site "Belgium BEL"]
[Date "2004.12.05"]
[Round "5"]
[White "Chuchelov,V"]
[Black "Malakhatko,V"]
[Result "1/2-1/2"]
[WhiteElo "2571"]
[BlackElo "2571"]

1.Nf3 d5 2.d4 c6 3.c4 Nf6 4.Qc2 Bg4 5.Ne5 Bh5 6.Qb3 Qb6 7.Qh3 e6 8.e3 Bb4+
9.Nc3 O-O 10.Bd2 Bg6 11.Be2 Nbd7 12.Nxg6 hxg6 13.O-O Rfe8 14.a3 Bxc3 15.Bxc3 Ne4
16.Rfc1 Nxc3 17.bxc3 Qa6 18.Bf1 dxc4 19.a4 c5 20.Qg4 Rac8 21.Qe2 Rc7 22.Qa2 cxd4
23.cxd4 Rec8 24.Rc2 Nb6 25.e4 Qa5 26.Rb2 Qg5 27.a5 Nd7 28.Rc2 c3 29.e5 Qf4
30.Rd1 Qe4 31.g3 Qc6 32.Qb3 Nb8 33.Rd3 Qd5 34.Qxd5 exd5 35.Bh3 Rd8 36.Rdxc3 Rxc3
37.Rxc3 a6 38.Rc7 Nc6 39.Rxb7 Nxa5 40.Rc7 Nc4 41.Bf1 Nb6 42.Bxa6 Ra8 43.Bb7 Ra4
44.Rc6 Rb4 45.Rd6 Kf8 46.Bxd5 Rxd4 47.Ba2 Rxd6 48.exd6 Ke8 49.h4 f6 50.Be6 Na4
51.f4 Nc5 52.f5 gxf5 53.Bxf5 Nb7 54.d7+ Ke7 55.Kg2 Nc5 56.Kf3 Nxd7 57.Bxd7 Kxd7
58.h5 Ke7 59.Ke4 Ke6 60.Kf4 Ke7 61.Kf5 Kf7 62.g4 g6+ 63.hxg6+ Kg7 64.g5 fxg5
65.Kxg5 Kg8 66.Kf6 Kf8 67.g7+ Kg8 68.Kg6  1/2-1/2

[Event "Region Champ"]
[Site "Voronezh RUS"]
[Date "2004.12.06"]
[Round "4"]
[White "Raetsky,A"]
[Black "Sergienko,S"]
[Result "0-1"]
[WhiteElo "2430"]
[BlackElo "2433"]

1.d4 d5 2.c4 c6 3.Nf3 Nf6 4.Qc2 dxc4 5.Qxc4 Bf5 6.g3 e6 7.Bg2 Be7 8.O-O O-O
9.Ne5 Nbd7 10.Qb3 Qb6 11.e4 Qxb3 12.axb3 Nxe5 13.exf5 Nd3 14.fxe6 fxe6 15.Nd2 Nd5
16.Bh3 Nc7 17.Nc4 Nxc1 18.Rfxc1 Bf6 19.Ne5 Rfe8 20.f4 Nb5 21.Rd1 Rad8 22.Kf2 a6
23.Ke3 Kf8 24.Bg2 Rd6 25.Be4 Red8 26.Bxh7 Nxd4 27.b4 Bxe5 28.fxe5 Nf5+ 29.Ke2 Rxd1
30.Rxd1 Rxd1 31.Kxd1 Kf7  0-1

[Event "ch-GRE w"]
[Site "Athens GRE"]
[Date "2004.12.08"]
[Round "5"]
[White "Papadopoulou,V"]
[Black "Botsari,A"]
[Result "1/2-1/2"]
[WhiteElo "2227"]
[BlackElo "2362"]

1.d4 d5 2.Nf3 c6 3.c4 dxc4 4.e3 Be6 5.a4 Nf6 6.Nc3 Bd5 7.Nd2 Na6 8.Nxc4 e6
9.Nd2 Qa5 10.f3 e5 11.dxe5 Nd7 12.Nxd5 Qxd5 13.Bxa6 bxa6 14.O-O Nxe5 15.Ne4 Rd8
16.Qe2 a5 17.Nc3 Qd3 18.Rd1 Qxe2 19.Rxd8+ Kxd8 20.Nxe2 Bb4 21.b3 Nd3  1/2-1/2

[Event "Open"]
[Site "Ashdod ISR"]
[Date "2004.12.13"]
[Round "6"]
[White "Huzman,A"]
[Black "Haimovich,T"]
[Result "1/2-1/2"]
[WhiteElo "2581"]
[BlackElo "2382"]

1.d4 d5 2.c4 c6 3.Nf3 Nf6 4.Qc2 dxc4 5.Qxc4 Bf5 6.g3 Nbd7 7.Bg2 e6 8.O-O Rc8
9.Nc3 Be7 10.e3 b5 11.Qe2 b4 12.Na4 Be4 13.Rd1 O-O 14.b3 Qa5 15.Bb2 Nd5 16.Ne5 Nxe5
17.Bxe4 Nd7 18.Rac1 N7b6 19.Nc5 Nc3 20.Bxc3 bxc3 21.Qc2 f5 22.Bf3 Bxc5 23.dxc5 Qxc5
24.Qxc3 Qxc3 25.Rxc3 Nd5 26.Rc5 Rfd8 27.a3 Ne7 28.Rdc1 Rd3 29.Be2 Rd2 30.R1c2 Rxc2
31.Rxc2 Rd8 32.Kf1 Kf7 33.Ke1 Kf6 34.Rc4 Rb8 35.b4 Rd8 36.Rc3 e5 37.Bd1 Ke6
38.Ba4 Kd6 39.Rc5 Rb8 40.Ra5 Rb7 41.Bb3 g6 42.Kd2 Rc7 43.Kd3 Nc8 44.f4 exf4
45.exf4 Re7 46.Ra6 Nb6 47.h4 Nd5 48.b5 Nb6 49.bxc6 Kxc6 50.Ra5 Re1 51.Rxa7 Rg1
52.Rxh7 Rxg3+ 53.Kc2 Rg2+ 54.Kc3 Rg3+ 55.Kc2 Rg2+ 56.Kc1 Rg4 57.a4 Rxf4 58.a5 Nc8
59.Bf7 Ne7 60.Be8+ Kd6 61.a6 Rc4+ 62.Kd2 Rc7 63.Bxg6 Nxg6 64.Rh6 Ke5 65.Rxg6 Rh7
66.Rg8 Ra7 67.Re8+ Kd5 68.Rd8+ Ke5  1/2-1/2

[Event "Open"]
[Site "Ashdod ISR"]
[Date "2004.12.13"]
[Round "6"]
[White "Gofshtein,Z"]
[Black "Mikhalevski,V"]
[Result "1-0"]
[WhiteElo "2534"]
[BlackElo "2566"]

1.Nf3 d5 2.d4 c6 3.c4 dxc4 4.e3 Be6 5.Nc3 b5 6.a4 b4 7.Ne2 Nf6 8.a5 Bd5 9.Ng3 e6
10.Ne5 Nbd7 11.Nxc4 c5 12.Ne5 cxd4 13.Bb5 dxe3 14.Nh5 Bc5 15.O-O O-O 16.Nxd7 Nxd7
17.Qg4 g6 18.Bxe3 f5 19.Qg3 Bxe3 20.fxe3 Nf6 21.Nf4 Qe7 22.Nxd5 exd5 23.Rxf5 Ne4
24.Qe5 Qxe5 25.Rxe5 Nf6 26.Re7 Rab8 27.Ba4 Rf7 28.Rxf7 Kxf7 29.Rc1 Rb7 30.h3 Re7
31.Kf2 Ne4+ 32.Kg1 Ke6 33.Rd1 Rc7 34.Bb3 Rc5 35.a6 Ke5 36.Rd4 Rb5 37.h4 h6
38.Bc2 Nc5 39.Bxg6 b3 40.g4 Ra5 41.Bf7 Nxa6 42.g5 hxg5 43.hxg5 Nc7 44.Rf4 Ra6
45.g6 Ne6 46.Rb4 Ng7 47.Rxb3 d4 48.Kf2 Rb6 49.Rxb6 axb6 50.exd4+ Kxd4 51.Kf3 Ke5
52.Ke3 Nf5+ 53.Kd3 Ng7 54.Kc4 Kd6 55.Kb5 Kc7 56.Kc4 Kc6 57.Kd4 Kd6 58.Ke4 Kd7
59.Ke5 Ke7 60.Kd5 Kd7 61.b3 Nh5 62.Be6+ Ke7 63.Bf5 Ng7 64.Bd3 Kd7 65.Bb5+ Ke7
66.Kc6 Ne6 67.Bc4 Nd4+ 68.Kd5 Ne6 69.Ke5 Ng7 70.b4 Nh5 71.Be2 Nf6 72.Bd3 Nh5
73.Bc2 Nf6 74.Bd3 Nh5 75.Bb1 Kd7 76.Kd5 Nf4+ 77.Ke5 Nh5 78.Bc2 Ke7 79.Bd1 Nf6
80.Be2 Ne8 81.Kd5 Nf6+ 82.Kc6 Nd7 83.g7 Ne5+ 84.Kd5 Nd7 85.Bc4 b5 86.Kd4  1-0

[Event "Revolution Mem"]
[Site "Bucharest ROM"]
[Date "2004.12.16"]
[Round "2"]
[White "Voiteanu,G"]
[Black "Murariu,A"]
[Result "0-1"]
[WhiteElo "2207"]
[BlackElo "2381"]

1.d4 d5 2.c4 c6 3.Nf3 Nf6 4.Qc2 dxc4 5.Qxc4 e6 6.g3 b5 7.Qc2 Bb7 8.Bg2 Nbd7
9.O-O Be7 10.Rd1 O-O 11.Bg5 Qb6 12.e4 h6 13.Bxf6 Nxf6 14.Nc3 Rac8 15.a4 a6
16.a5 Qa7 17.Rac1 Rfd8 18.e5 Nd7 19.Ne4 c5 20.dxc5 Nxc5 21.Rxd8+ Rxd8 22.Nxc5 Bxc5
23.h3 Bb4 24.Rd1 Bxa5 25.Rxd8+ Bxd8 26.Qd3 Bb6 27.Qd7 Bxf2+ 28.Kf1 Bxg3 29.Qd8+ Kh7
30.Qd3+ g6 31.Qc2  0-1

[Event "Open"]
[Site "Zadar CRO"]
[Date "2004.12.16"]
[Round "5"]
[White "Saric,A"]
[Black "Dizdarevic,E"]
[Result "1/2-1/2"]
[WhiteElo "2437"]
[BlackElo "2538"]

1.d4 d5 2.Nf3 c6 3.c4 dxc4 4.e3 Be6 5.Qc2 Nf6 6.Bxc4 Bxc4 7.Qxc4 e6 8.O-O Qd5
9.Qe2 Qb5 10.Qc2 Qf5 11.Qb3 Qb5 12.Qc2 Qf5  1/2-1/2

[Event "Open"]
[Site "Pamplona ESP"]
[Date "2004.12.22"]
[Round "2"]
[White "Ruiz Escobar,R"]
[Black "Conquest,S"]
[Result "0-1"]
[WhiteElo "2040"]
[BlackElo "2488"]

1.Nf3 d5 2.d4 c6 3.c4 dxc4 4.e3 Be6 5.Nc3 Nf6 6.Ne5 Nbd7 7.Nxc4 g6 8.Be2 Bg7
9.O-O O-O 10.Nd2 Qc7 11.b4 a5 12.b5 c5 13.Bb2 cxd4 14.exd4 Rfd8 15.Rc1 Qf4
16.Bf3 Qxd4 17.Bxb7 Rab8 18.Bc6 Nb6 19.Nf3 Qb4 20.Qc2 Nc4 21.Ba1 Na3 22.Qb2 Nd7
23.Qd2 Ne5 24.Qe3 Nd3 25.Ng5 Nc4 26.Qe2 Nxc1 27.Rxc1 Rd2 28.Qf3 Ne5 29.Qe3 Rd3
30.Qe1 Bc4 31.Nge4 Qa3 32.Rb1 e6 33.Nd2 Rdd8 34.Bb2 Qe7 35.Nxc4 Nxc4 36.Bc1 Bxc3
37.Qf1 Nd2 38.Bxd2 Rxd2 39.b6 Bd4 40.Ra1 Rxf2 41.Kh1 Rxb6 42.Bf3 Qc5 43.Qd1 Qc4
44.Rc1 Qa6 45.Be2 Rxe2 46.Qxd4 Qb7 47.Qd8+ Kg7 48.Qd4+ e5 49.Qg4 Rbb2  0-1

[Event "Stepchev Memorial"]
[Site "Kiev UKR"]
[Date "2004.12.25"]
[Round "5"]
[White "Golichenko,I"]
[Black "Kernazhitsky,L"]
[Result "1/2-1/2"]
[WhiteElo "2240"]
[BlackElo "2377"]

1.d4 d5 2.c4 c6 3.Nf3 Nf6 4.Qc2 dxc4 5.Qxc4 Bg4 6.Ne5 Be6 7.Qd3 Nbd7 8.Nf3 Bg4
9.Nc3 e6 10.g3 Nc5 11.Qd1 Nce4 12.Bg2 Bb4 13.Qd3 Bf5 14.Qc4 Qa5 15.Bd2 Nxd2
16.Nxd2 Nd5 17.Rc1 Nb6 18.Qb3 Rd8 19.a3 Be7 20.Qa2 Bg6 21.O-O O-O 22.b4 Qg5
23.Nde4 Qh5 24.Nc5 Rxd4 25.Nxb7 Nd5 26.Na4 Bg5 27.Bf3 Qh3 28.e3 Nxe3 29.Bxc6 Nxf1
30.Rxf1 Rd2 31.Qa1 Bd3 32.Rd1 Bf6 33.Qc1 Rxd1+ 34.Qxd1 Qf5 35.Nac5 Bc2 36.Qd2 Be7
37.Bg2 h5 38.Qe3 h4 39.Nd7 Rc8 40.Qxa7 Qd3 41.Nbc5 Qd1+ 42.Bf1 h3 43.Ne5 Re8
44.Qd7 Qxd7 45.Nexd7 Ra8 46.Ba6 Ba4 47.Nb6 Bxc5 48.Nxa8 Bd4 49.Nc7 Kf8 50.Bb5 Bb3
51.a4 Bc3 52.a5 Bxb4 53.a6 Bc5 54.Bc6 Bc4 55.Nb5 Bxb5 56.Bxb5 g5 57.g4  1/2-1/2

[Event "Open A"]
[Site "Krakow POL"]
[Date "2004.12.27"]
[Round "1"]
[White "Skalski,M"]
[Black "Widera,J"]
[Result "1-0"]
[WhiteElo "2366"]
[BlackElo "2147"]

1.d4 Nf6 2.c4 c6 3.Nf3 d5 4.Qc2 g6 5.Bf4 Bf5 6.Qb3 Qb6 7.e3 Nbd7 8.Nc3 Bg7
9.h3 O-O 10.g4 Be4 11.Nxe4 Nxe4 12.Qxb6 Nxb6 13.Rc1 Rac8 14.c5 Nd7 15.Bd3 Rfe8
16.Bxe4 dxe4 17.Nd2 e5 18.dxe5 Nxe5 19.Bxe5 Rxe5 20.b4 Bf8 21.Ke2 Rd8 22.Rhd1 f5
23.gxf5 gxf5 24.Nc4 Red5 25.Na5 R8d7 26.Rxd5 cxd5 27.b5 Rc7 28.c6 bxc6 29.bxc6 Kf7
30.Rb1 Bc5 31.Rb5 Bb6 32.Rxd5 Ke6 33.Rb5 Bxa5 34.Rxa5 Rxc6 35.Rxa7 h6 36.Ra5 Kf6
37.Kf1 Kg5 38.Kg2 Rc1 39.Ra8 Ra1 40.Ra6 h5 41.Ra8 Rc1 42.a4 h4 43.a5 Ra1
44.a6 Kg6 45.f4 Ra2+ 46.Kf1 Kg7 47.a7 Ra3 48.Ke2 Ra1 49.Kd2 Ra3 50.Kc2 Ra1
51.Kb2 Ra5 52.Kb3 Ra1 53.Kc4 Ra5 54.Kb4 Ra1 55.Kc5 Ra6 56.Kb5  1-0

[Event "34th Rilton Cup"]
[Site "Stockholm SWE"]
[Date "2004.12.27"]
[Round "1"]
[White "Aagaard,J"]
[Black "Hammar,U"]
[Result "1-0"]
[WhiteElo "2431"]
[BlackElo "2119"]

1.d4 d5 2.c4 c6 3.Nf3 Nf6 4.Qb3 dxc4 5.Qxc4 Bf5 6.g3 g6 7.Bg2 Bg7 8.Ng5 O-O
9.e4 Bg4 10.h3 Bc8 11.Nd2 Nbd7 12.Ngf3 Ne8 13.O-O e5 14.Nb3 Nd6 15.Qc2 f5
16.Bg5 Qc7 17.Be7 Re8 18.Bxd6 Qxd6 19.Qc4+ Qe6 20.Qxe6+ Rxe6 21.Rfe1 exd4
22.exf5 Rxe1+ 23.Rxe1 gxf5 24.Nfxd4 Nf6 25.Rd1 Bf8 26.Bf1 Bd7 27.Bc4+ Kh8
28.Ne6 Bxe6 29.Bxe6 f4 30.gxf4 Re8 31.f5 Ne4 32.Rd7 Re7 33.Rd4 Ng5 34.Rd8 Nxe6
35.fxe6 Kg7 36.Nc5 Rc7 37.Rd7+ Rxd7 38.exd7 Be7 39.Nxb7  1-0

[Event "Open A"]
[Site "Krakow POL"]
[Date "2004.12.30"]
[Round "4"]
[White "Fraczek,Dan"]
[Black "Klykow,L"]
[Result "1-0"]
[WhiteElo "2276"]
[BlackElo "2160"]

1.d4 d5 2.c4 c6 3.Nf3 Nf6 4.Qc2 g6 5.Bf4 Bf5 6.Qb3 Qb6 7.e3 Bg7 8.Nc3 O-O
9.h3 Na6 10.g4 Be4 11.Nxe4 Nxe4 12.Qxb6 axb6 13.Rc1 e6 14.a3 c5 15.Bd3 g5
16.Bh2 cxd4 17.exd4 f5 18.gxf5 Rxf5 19.Bxe4 dxe4 20.Ne5 Rd8 21.Rd1 Nb8 22.O-O Nc6
23.Nxc6 bxc6 24.Bc7 Rxd4 25.Bxb6 Rxd1 26.Rxd1 Bxb2 27.a4 Ba3 28.Ra1 Rf3 29.a5 Bb2
30.Ra2 Be5 31.a6 Bb8 32.a7 Bxa7 33.Rxa7 Rxh3 34.Be3 g4 35.Kg2 Rf3 36.Rc7 h5
37.Rxc6 Kf7 38.Rc7+ Kg6 39.Rc5 Rf5 40.Rxf5 exf5 41.Kg3 Kf6 42.Bf4  1-0

[Event "Czech Christmas"]
[Site "Litomysl CZE"]
[Date "2004.12.30"]
[Round "6"]
[White "Lips,F"]
[Black "Kantorik,M"]
[Result "0-1"]
[WhiteElo "2102"]
[BlackElo "2324"]

1.d4 d5 2.Nf3 c6 3.c4 dxc4 4.e4 b5 5.Nc3 e6 6.a4 Bb4 7.Bd2 Nf6 8.Qc2 Bb7
9.e5 Bxc3 10.Bxc3 Nd5 11.axb5 cxb5 12.Ba5 Qd7 13.b3 cxb3 14.Qxb3 a6 15.Be2 O-O
16.O-O Nf4 17.Bd1 Nc6 18.Bb6 Ne7 19.Qe3 Ned5  0-1

[Event "Czech Christmas"]
[Site "Litomysl CZE"]
[Date "2005.01.01"]
[Round "8"]
[White "Cerveny,M"]
[Black "Kantorik,M"]
[Result "1-0"]
[WhiteElo "2135"]
[BlackElo "2324"]

1.d4 d5 2.c4 c6 3.Nf3 dxc4 4.a4 b5 5.Nc3 b4 6.Ne4 Nf6 7.Ng3 e6 8.e3 a5 9.Bxc4 Be7
10.O-O O-O 11.b3 Nbd7 12.Bb2 c5 13.Rc1 Bb7 14.Qe2 Rc8 15.Rfd1 Qb6 16.e4 cxd4
17.Nxd4 Rfd8 18.Kh1 Bc5 19.e5 Nd5 20.f3 Qc7 21.Nb5 Qb8 22.Ne4 N5b6 23.Ned6 Nxc4
24.Rxc4 Bxd6 25.exd6 Bd5 26.Rg4 g6 27.Rh4 Rf8 28.Qe3 f6 29.Nc7 Rxc7 30.dxc7 Qxc7
31.Rc1 Qd6 32.Rd4 Ne5 33.Rdd1 Nd7 34.Qa7 Rf7 35.Qxa5 Qf4 36.Rd4 Qe3 37.Qxb4 Kg7
38.Re1 Qxb3 39.Qxb3 Bxb3 40.Rb4 Bd5 41.Rc1 Ne5 42.Bxe5 fxe5 43.a5 Ra7 44.Ra1 Kf6
45.Kg1 Ke7 46.Kf2 Kd6 47.Ke3 Kc5 48.Rb6 Rxa5 49.Rxa5+ Kxb6 50.Ra1 h6 51.Ra4 Kc6
52.Rg4 g5 53.h4 Kd6 54.hxg5 hxg5 55.Rxg5 Ba2 56.g4 Bb1 57.Rg7 Bc2 58.g5 Bb1
59.g6 Bf5 60.Kf2 e4 61.f4 e5 62.Rf7 e3+ 63.Kxe3 exf4+ 64.Kxf4 Be6 65.Rf8  1-0

[Event "Lidums Australian Open"]
[Site "Mount Buller AUS"]
[Date "2005.01.03"]
[Round "6"]
[White "Johansen,D"]
[Black "Sedina,E"]
[Result "1/2-1/2"]
[WhiteElo "2483"]
[BlackElo "2431"]

1.d4 d5 2.c4 c6 3.Nf3 Nf6 4.Qc2 dxc4 5.Qxc4 Bf5 6.g3 e6 7.Bg2 Nbd7 8.O-O Be7
9.Qb3 Qb6 10.Nbd2 O-O 11.Nc4 Qa6 12.Bf4 Nb6 13.Bd6 Bxd6 14.Nxd6 Ne4 15.Nxf5 exf5
16.Qc2 Rfe8 17.Rfc1 Nd5 18.a3 Qb6 19.e3 g6 20.Ne5 Nxe3 21.fxe3 Rxe5 22.dxe5 Qxe3+
23.Kh1 Nf2+ 24.Kg1 Ng4+ 25.Kh1 Nf2+  1/2-1/2

[Event "34th Rilton Cup"]
[Site "Stockholm SWE"]
[Date "2005.01.05"]
[Round "9"]
[White "Lundvik,J"]
[Black "Peng Zhaoqin"]
[Result "0-1"]
[WhiteElo "2248"]
[BlackElo "2420"]

1.Nf3 d5 2.d4 c6 3.c4 dxc4 4.a4 Nf6 5.e3 Be6 6.Na3 Bd5 7.Nxc4 e6 8.Bd3 c5
9.O-O Nc6 10.Nce5 Nxe5 11.Nxe5 Bd6 12.Qe2 cxd4 13.Bb5+ Ke7 14.exd4 h6 15.Re1 Rc8
16.Bf4 Qb6 17.Be3 a6 18.Bd3 Qb3 19.h3 Rhd8 20.Rad1 Kf8 21.Qd2 Be4 22.Qe2 Bxd3
23.Nxd3 Qd5 24.Rc1 b6 25.Ne5 b5 26.Nd3 Rxc1 27.Rxc1 bxa4 28.Nc5 Bxc5 29.Rxc5 Qb7
30.Ra5 Rd6 31.Rxa4 Nd5 32.Qd3 Rc6 33.Rc4 Rxc4 34.Qxc4 Ke7 35.b3 f5 36.Bc1 Kd7
37.Ba3 Qb5 38.Qc2 Qa5 39.Bf8 Qa1+ 40.Kh2 Qxd4 41.Qe2 Nc7 42.Qh5 Qf6 43.Qd1+ Nd5
44.Bc5 Qe5+ 45.Kg1 g6 46.b4 Kc8 47.Bd4 Qe4 48.Qc1+ Kd7 49.Qc5 Qb1+ 50.Kh2 Qxb4
51.Qa7+ Ke8 52.Qa8+ Kd7 53.Qa7+ Ke8 54.Qa8+ Kf7 55.Qa7+ Qe7 56.Qxa6 Qc7+
57.g3 e5 58.Qb5 Ke6 59.Bb2 Qb6 60.Qe2 e4 61.Qd2 h5 62.Bd4 Qb4 63.Qxb4 Nxb4
64.h4 Nd3 65.Bb6 f4 66.gxf4 Kf5 67.Kg3 Nxf4 68.f3 Nd5 69.fxe4+ Kxe4 70.Bc5 Ne3
71.Bb6 Nf5+ 72.Kh3 Kf3 73.Bc5 Ng3 74.Be7 Ne2 75.Bd8 Nf4+ 76.Kh2 Kg4 77.Kg1 Ne2+
78.Kg2 Nd4 79.Be7 Nf5 80.Bd8 Nxh4+ 81.Kh2 g5 82.Be7 Nf5 83.Bd8 Kf4 84.Kg2 Ne3+
85.Kf2 g4 86.Bc7+ Ke4 87.Bd8 Nf5 88.Bg5 h4 89.Kg2 h3+ 90.Kh2 Kf3 91.Bd8 Ne3
92.Bc7 Nf1+ 93.Kg1 g3  0-1

[Event "Michael Franett Mem"]
[Site "San Francisco USA"]
[Date "2005.01.08"]
[Round "7"]
[White "De Guzman,R"]
[Black "Ho,Mat"]
[Result "0-1"]
[WhiteElo "2407"]
[BlackElo "2260"]

1.d4 d5 2.c4 c6 3.Nf3 Nf6 4.Qc2 g6 5.g3 Bg7 6.Bg2 O-O 7.O-O Bf5 8.Qb3 Qb6
9.Nc3 dxc4 10.Qxc4 Ne4 11.e3 Nd7 12.Nh4 Nd6 13.Qe2 Be6 14.Rd1 Bc4 15.Qc2 Rfd8
16.b3 Ba6 17.f4 e6 18.Nf3 Nf5 19.Na4 Qa5 20.Bd2 Qc7 21.Rac1 Rac8 22.g4 Ne7
23.h3 b6 24.b4 Nd5 25.Qb3 Bf8 26.Nb2 Qb8 27.a4 Bb7 28.Nd3 c5 29.f5 exf5 30.gxf5 Bh6
31.Nde5 Nxe5 32.Nxe5 cxd4 33.exd4 Bxd2 34.Rxc8 Qxc8 35.Rxd2 Qc1+ 36.Rd1 Qe3+
37.Qxe3 Nxe3 38.Rc1 Nxg2 39.Rc7 Bd5 40.f6 Nf4 41.Rxa7 Rd6 42.Nd7 h5 43.Rc7 Nxh3+
44.Kh2 Nf2 45.a5 bxa5 46.bxa5 Ng4+ 47.Kg3 Nxf6  0-1

[Event "TCh-BEL 2004-5"]
[Site "Belgium BEL"]
[Date "2005.01.09"]
[Round "6"]
[White "Van Heirzeele,D"]
[Black "Saltaev,M"]
[Result "0-1"]
[WhiteElo "2230"]
[BlackElo "2485"]

1.d4 d5 2.c4 c6 3.Nf3 Nf6 4.Qb3 dxc4 5.Qxc4 Be6 6.Qa4 Nbd7 7.Nc3 Nb6 8.Qd1 Nbd5
9.g3 Bf5 10.Bg2 e6 11.O-O Ne4 12.Bd2 Be7 13.Ne5 Nxd2 14.Qxd2 f6 15.Nd3 Nc7
16.e4 Bg6 17.Nf4 Bf7 18.Rad1 e5 19.dxe5 Qxd2 20.Rxd2 fxe5 21.Nd3 O-O-O 22.Rfd1 Bh5
23.Bh3+ Kb8 24.g4 Be8 25.Nxe5 Rxd2 26.Rxd2 Ne6 27.Ne2 Rf8 28.Nd7+ Bxd7 29.Rxd7 Bc5
30.b4 Bxf2+ 31.Kh1 Be1 32.Re7 Rf6 33.a3 Bh4 34.Bg2 Rg6 35.h3 Bxe7  0-1

[Event "Open"]
[Site "Geneva SUI"]
[Date "2005.01.22"]
[Round "1"]
[White "Raetsky,A"]
[Black "Astengo,C"]
[Result "1-0"]
[WhiteElo "2459"]
[BlackElo "2139"]

1.d4 d5 2.c4 c6 3.Nf3 Nf6 4.g3 Bf5 5.Bg2 e6 6.O-O Bd6 7.Nc3 Nbd7 8.Qb3 Rb8
9.Nh4 Bg6 10.Nxg6 hxg6 11.e4 dxe4 12.Bg5 Qa5 13.c5 Be7 14.Bf4 e5 15.dxe5 Nxc5
16.exf6 Nxb3 17.axb3 Qh5 18.g4 Qxg4 19.fxg7 Rg8 20.Bxb8 f5 21.Rxa7 Rxg7 22.h3 Qh4
23.Rxb7 g5 24.Ra1 g4 25.Ra8 Kf7 26.Bg3 Qh6 27.Raa7 Kf8 28.hxg4 Qc1+ 29.Bf1 f4
30.Ne2 Qd2 31.Nxf4 Rxg4 32.Rxe7 Qxf4 33.Rh7 Rxg3+ 34.fxg3 Qxg3+ 35.Kh1 Qf3+
36.Bg2 Qd1+ 37.Kh2 Kg8 38.Rag7+ Kf8  1-0

[Event "Zimski Winter Open"]
[Site "Belgrade SCG"]
[Date "2005.01.27"]
[Round "5"]
[White "Savic,S"]
[Black "Klasan,V"]
[Result "0-1"]
[WhiteElo "2161"]
[BlackElo "2157"]

1.Nf3 Nf6 2.d4 d5 3.c4 c6 4.Qc2 g6 5.Bg5 Bg7 6.e3 O-O 7.Nc3 Qa5 8.Bxf6 Bxf6
9.a3 dxc4 10.Bxc4 Nd7 11.Rd1 e5 12.O-O exd4 13.exd4 Nb6 14.Ba2 Bf5 15.Ne4 Kg7
16.Qc5 Qxc5 17.Nxc5 Rab8 18.h3 h5 19.Ne5 h4 20.b4 Be7 21.f4 Bf6 22.Kh2 Be7
23.Rd2 Bd6 24.g4 hxg3+ 25.Kxg3 f6 26.Ned3 Rfe8 27.h4 Nd5 28.Bxd5 cxd5 29.Re1 b6
30.Nb3 Rxe1 31.Nxe1 Re8 32.Ng2 g5 33.hxg5 fxg5 34.Rf2 Rh8 35.Rf3 g4 36.Re3 Rh3+
37.Kf2 Be4 38.Rg3 Rxg3 39.Kxg3 Bxg2 40.Kxg2 Bxf4 41.Na1 Kf6 42.Nc2 Kf5 43.Kf2 Ke4
44.Ke2 a6 45.a4 Bg5 46.b5 a5 47.Kf2 Kd3 48.Ne1+ Kxd4 49.Kg3 Kc3 50.Kxg4 Bh6
51.Kf5 Kb4 52.Ke5 Kxa4 53.Kxd5 Kxb5 54.Kd4 Ka4 55.Kc3 b5 56.Kb2 b4 57.Nd3 Bg7+
58.Ka2 b3+ 59.Kb1 Kb5 60.Nc1 a4 61.Nd3 a3 62.Nc1 Ka4 63.Na2 bxa2+  0-1

[Event "Open"]
[Site "Geneva SUI"]
[Date "2005.01.27"]
[Round "6"]
[White "Epishin,V"]
[Black "Riazantsev,A"]
[Result "1/2-1/2"]
[WhiteElo "2614"]
[BlackElo "2596"]

1.d4 d5 2.c4 c6 3.Nf3 dxc4 4.e3 Be6 5.Be2 Nf6 6.O-O Nbd7 7.Nc3 Bg4 8.Bxc4 e6
9.h3 Bh5 10.Re1 Be7 11.e4 O-O 12.Bf4 Nb6 13.Be2 e5 14.dxe5 Qxd1 15.Rexd1  1/2-1/2

[Event "Club Championship"]
[Site "Sao Paulo BRA"]
[Date "2005.01.27"]
[Round "7"]
[White "Morales Mendoza,L"]
[Black "Vera,IJ"]
[Result "1/2-1/2"]
[WhiteElo "2141"]
[BlackElo "2247"]

1.d4 d5 2.Nf3 Nf6 3.c4 c6 4.Qc2 e6 5.g3 Nbd7 6.Nbd2 Bd6 7.Bg2 O-O 8.O-O Re8
9.b3 Qe7 10.e4 dxe4 11.Nxe4 Nxe4 12.Qxe4 e5 13.dxe5 Nxe5 14.Ng5 Ng6 15.Qxe7 Rxe7
16.Rd1 Bc7  1/2-1/2

[Event "Open"]
[Site "Geneva SUI"]
[Date "2005.01.28"]
[Round "7"]
[White "Raetsky,A"]
[Black "Peric,Sl"]
[Result "1/2-1/2"]
[WhiteElo "2459"]
[BlackElo "2230"]

1.d4 d5 2.c4 c6 3.Nf3 Nf6 4.g3 Bg4 5.Ne5 Bh5 6.Nc3 e6 7.Bg2 Nbd7 8.O-O Nxe5
9.dxe5 Nd7 10.cxd5 cxd5 11.Qb3 Qb6 12.Qxb6 axb6 13.e4 d4 14.Nb5 Ra5 15.Nxd4 Nxe5
16.Bd2 Ra8 17.Bc3 Nc6 18.Nb5 Rc8 19.Rfe1 f6 20.e5 f5 21.Nd6+ Bxd6 22.exd6 Kd7
23.Bxg7 Rhg8 24.Bc3 Kxd6 25.b4 e5 26.Bxc6 Rxc6 27.Bxe5+ Kd7 28.Kg2 b5 29.h3 Re8
30.Bd4 Rxe1 31.Rxe1 Re6 32.Be3 Re4 33.a3 Rc4 34.Bc5 Re4 35.Rc1 Rc4 36.Re1 Re4
37.Rb1 Rc4 38.Rb3 Be2 39.Re3 Re4 40.Rc3 Bc4 41.Be3 Bd5 42.f3 Rc4 43.Rd3 Rc2+
44.Bd2 Ke6 45.Kf2 Bc4 46.Rd8 Ra2 47.g4 fxg4 48.hxg4 Rxa3 49.Be3 Rb3 50.Rh8 Bd5
51.Rxh7 Rb2+ 52.Kg3 Rb3 53.Rh6+ Kf7 54.Rh5 Ke6 55.Rh6+ Kf7 56.Rd6 Bc6 57.Kf2 Rxb4
58.g5 Rb2+ 59.Kg3 Rb3 60.Rf6+ Kg8 61.Bd4 Rd3 62.Be5 b4 63.g6 Re3 64.Bb2 Rb3
65.Bd4 Rd3 66.Be5 Re3 67.Rf5 Be4 68.Kf2 Bxf5 69.Kxe3 Bxg6  1/2-1/2

[Event "10th HIT Open A"]
[Site "Nova Gorica SLO"]
[Date "2005.01.31"]
[Round "6"]
[White "Srebrnic,V"]
[Black "Jaracz,P"]
[Result "0-1"]
[WhiteElo "2240"]
[BlackElo "2532"]

1.Nf3 d5 2.d4 c6 3.c4 Nf6 4.Qc2 e6 5.cxd5 exd5 6.Bg5 Be7 7.Nc3 g6 8.e3 Bf5
9.Bd3 Bxd3 10.Qxd3 Nbd7 11.O-O O-O 12.Rab1 a5 13.h3 Nh5 14.Bxe7 Qxe7 15.Rfe1 f5
16.Qd1 Nhf6 17.Ne2 Ne4 18.Nd2 Rae8 19.Nf4 Rf6 20.Nd3 g5 21.Nf3 Rg6 22.Nfe5 Rg7
23.Nxd7 Qxd7 24.Nc5 Nxc5 25.dxc5 g4 26.g3 gxh3 27.Qh5 Re4 28.Rbd1 Qe6 29.Qxh3 Reg4
30.Kf1 Qe7 31.Rc1 Qe5 32.b3 h5 33.Rc2 h4 34.gxh4 Qe4 35.Rd2 Rxh4 36.f3 Qb4
37.Qxf5 Rh1+  0-1